Statistics for All Maurice ''Rocket'' Richard Trophy Winners

Click here to take the quiz!

General Stats

  • This quiz has been taken 13 times
    (4 since last reset)
  • The average score is 7 of 21

Answer Stats

YearPlayer% Correct
2016Alex Ovechkin
75%
2014Alex Ovechkin
75%
2013Alex Ovechkin
75%
2015Alex Ovechkin
75%
2011Corey Perry
75%
2012Steven Stamkos
75%
2008Alex Ovechkin
50%
2007Alex Ovechkin
50%
2010Steven Stamkos
50%
2005Lockout
25%
2009Sidney Crosby
25%
2002Ilya Kovalchuck
0%
2001Jarome Iginla
0%
1999Jarome Iginla
0%
2004Jonathan Cheechoo
0%
2000Milan Hejduk
0%
1997Pavel Bure
0%
1998Pavel Bure
0%
2003Rick Nash
0%
1996Teemu Selanne
0%
2006Vincent Lecavalier
0%

Score Distribution

Percentile by Number Answered

Percent of People with Each Score

Your Score History

You have not taken this quiz since the last reset